[Event "BRA-ch Universities"]
[Site "Blumenau"]
[Date "2007.06.??"]
[Round "5"]
[White "Wanderley, Rodrigo"]
[Black "Cominato Neto, Jose Luis"]
[Result "0-1"]
[WhiteElo "1947"]
[BlackElo "2146"]
[PlyCount "62"]
[EventDate "2007.06.10"]
[EventType "swiss"]
[EventRounds "7"]
[EventCountry "BRA"]
[SourceTitle "EXT 2022"]
[Source "ChessBase"]
[SourceDate "2021.10.06"]
[SourceVersion "1"]
[SourceVersionDate "2021.10.06"]
[SourceQuality "1"]

1. d4 Nf6 2. c4 e6 3. Nf3 b6 4. g3 Ba6 5. b3 d5 6. Qc2 Be7 7. Bg2 0-0 8. 0-0 Nbd7 9. Re1 c5 10. cxd5 Nxd5 11. Bb2 Rc8 12. dxc5 Nxc5 13. Qd1 Nb4 14. Nbd2 Bf6 15. a3 Nd5 16. Qb1 Nc3 17. Bxc3 Bxc3 18. Ra2 Bb7 19. Rd1 Qf6 20. b4 Na4 21. Ne4 Bxe4 22. Qxe4 Bb2 23. Rxb2 Nxb2 24. Re1 Nc4 25. Qb7 a5 26. bxa5 bxa5 27. Qb5 Qc3 28. a4 Rb8 29. Qc6 Rfe8 30. Qe4 Rb4 31. Rd1 Nb2 0-1

[Event "Boavista-ch 3rd"]
[Site "Lisbon"]
[Date "2004.04.11"]
[Round "9"]
[White "Wanderley, Rodrigo"]
[Black "Pintor, Ariana Maciel Abran"]
[Result "0-1"]
[WhiteElo "1430"]
[BlackElo "2042"]
[PlyCount "72"]
[EventDate "2004.04.05"]
[EventType "swiss"]
[EventRounds "9"]
[EventCountry "POR"]
[SourceTitle "EXT 2005"]
[Source "ChessBase"]
[SourceDate "2004.11.15"]
[SourceVersion "1"]
[SourceVersionDate "2004.11.15"]
[SourceQuality "1"]

1. d4 Nf6 2. c4 d6 3. Nf3 c6 4. Nc3 Nbd7 5. e4 e5 6. d5 Be7 7. Be2 0-0 8. 0-0 a6 9. b4 cxd5 10. cxd5 b5 11. h3 Nb6 12. Be3 Nfd7 13. Nd2 Bb7 14. Nb3 Rc8 15. Qd2 f5 16. f3 f4 17. Bf2 Bh4 18. Na5 Bxf2+ 19. Kxf2 Ba8 20. Rfc1 Qh4+ 21. Kf1 Rf6 22. Nxb5 axb5 23. Bxb5 Rff8 24. a4 Nf6 25. Nc6 Nxe4 26. fxe4 f3 27. Kg1 fxg2 28. Qe3 Bxc6 29. Bxc6 Rf4 30. Kh2 Rf2 31. Rg1 Rcf8 32. Qg3 Qxe4 33. Qg4 R8f4 34. Qe6+ Kh8 35. Qe8+ Rf8 36. Qe6 Qf4# 0-1

[Event "Boavista-ch 3rd"]
[Site "Lisbon"]
[Date "2004.04.05"]
[Round "1"]
[White "Rodrigues, Pedro Sousa Rocha"]
[Black "Wanderley, Rodrigo"]
[Result "0-1"]
[WhiteElo "2001"]
[BlackElo "1430"]
[PlyCount "120"]
[EventDate "2004.04.05"]
[EventType "swiss"]
[EventRounds "9"]
[EventCountry "POR"]
[SourceTitle "EXT 2005"]
[Source "ChessBase"]
[SourceDate "2004.11.15"]
[SourceVersion "1"]
[SourceVersionDate "2004.11.15"]
[SourceQuality "1"]

1. c4 e5 2. Nc3 Nf6 3. g3 Nc6 4. Bg2 Bb4 5. Nd5 Bc5 6. e3 d6 7. a3 a5 8. b3 0-0 9. Qc2 Be6 10. Ne2 Qc8 11. Nxf6+ gxf6 12. Bb2 Ne7 13. d4 Ba7 14. 0-0 Kg7 15. f4 h5 16. h4 Rg8 17. fxe5 fxe5 18. Qe4 Ng6 19. dxe5 dxe5 20. Bxe5+ Kh7 21. Nd4 c5 22. Ne2 f5 23. Qf3 Nxe5 24. Qxh5+ Kg7 25. e4 Qe8 26. Qg5+ Qg6 27. exf5 Qxg5 28. hxg5 Bd7 29. Be4 Bc6 30. Nc3 Kf7 31. g6+ Kf6 32. Bxc6 bxc6 33. Ne4+ Kg7 34. Ng5 Rab8 35. Rae1 Rxb3 36. Rxe5 Rxg3+ 37. Kf2 Rxg5 38. Re7+ Kf6 39. Re6+ Kxf5 40. Rxc6 R8xg6 41. Ke1+ Ke4 42. Rc7 Bb8 43. Rcf7 Kd4 44. Rb7 Bg3+ 45. Kd2 Kxc4 46. Rf3 Be5 47. Rf2 Bc3+ 48. Kc2 Rg2 49. Rbf7 Be1 50. R7f4+ Kb5 51. a4+ Kc6 52. Rxg2 Rxg2+ 53. Kd3 Rd2+ 54. Ke3 Rb2 55. Rf6+ Kd5 56. Rf5+ Kc4 57. Rf1 Rb7 58. Rf4+ Kb3 59. Ke2 Bb4 60. Kd3 c4+ 0-1

[Event "Porto district-ch U16"]
[Site "Porto"]
[Date "2004.02.25"]
[Round "9"]
[White "Wanderley, Rodrigo"]
[Black "Machado, Manuel Antonio Ribe"]
[Result "1-0"]
[WhiteElo "1801"]
[BlackElo "1801"]
[PlyCount "81"]
[EventDate "2004.02.??"]
[EventType "tourn"]
[EventRounds "9"]
[EventCountry "POR"]
[SourceTitle "EXT 2005"]
[Source "ChessBase"]
[SourceDate "2004.11.15"]
[SourceVersion "1"]
[SourceVersionDate "2004.11.15"]
[SourceQuality "1"]

1. d4 Nc6 2. c4 e5 3. d5 Nd4 4. Nc3 c6 5. e4 Bc5 6. a3 Qf6 7. Be3 a6 8. b4 Ba7 9. c5 d6 10. dxc6 bxc6 11. cxd6 Qxd6 12. Bc4 Be6 13. Bxe6 Qxe6 14. Nge2 Rd8 15. Bxd4 Bxd4 16. Nxd4 Rxd4 17. Qe2 Qc8 18. 0-0 Nf6 19. Rad1 Rxd1 20. Rxd1 0-0 21. Na4 Rd8 22. Nc5 Rxd1+ 23. Qxd1 h6 24. f3 Ne8 25. Qd7 Qxd7 26. Nxd7 f6 27. Nb8 Nc7 28. Nxc6 Kf8 29. Kf2 Ke8 30. Ke3 Kd7 31. Na5 Nb5 32. Nc4 Kc6 33. f4 exf4+ 34. Kxf4 g6 35. a4 Nd6 36. Nxd6 Kxd6 37. b5 axb5 38. axb5 Kc5 39. e5 fxe5+ 40. Kxe5 Kxb5 41. Kf6 1-0

[Event "Porto district-ch U16"]
[Site "Porto"]
[Date "2004.02.23"]
[Round "6"]
[White "Pintor, Ariana Maciel Abran"]
[Black "Wanderley, Rodrigo"]
[Result "1/2-1/2"]
[WhiteElo "2031"]
[BlackElo "1801"]
[PlyCount "95"]
[EventDate "2004.02.??"]
[EventType "tourn"]
[EventRounds "9"]
[EventCountry "POR"]
[SourceTitle "EXT 2005"]
[Source "ChessBase"]
[SourceDate "2004.11.15"]
[SourceVersion "1"]
[SourceVersionDate "2004.11.15"]
[SourceQuality "1"]

1. e4 c5 2. d3 Nc6 3. g3 g6 4. Bg2 Bg7 5. c3 e6 6. f4 Nge7 7. Ne2 d5 8. Nd2 0-0 9. 0-0 b5 10. a3 d4 11. c4 bxc4 12. Nxc4 Ba6 13. b3 Bxc4 14. bxc4 Na5 15. f5 Nec6 16. fxe6 fxe6 17. Rxf8+ Qxf8 18. Nf4 e5 19. Nd5 Rb8 20. Qc2 Nb3 21. Rb1 Nba5 22. Bb2 Rb7 23. Rf1 Rf7 24. Rxf7 Qxf7 25. Qd1 Qb7 26. Qe2 Qf7 27. Bh3 Bh6 28. Qg4 Kg7 29. Qd7 Qxd7 30. Bxd7 Nd8 31. Ba4 Nf7 32. Kf2 Bg5 33. Nc7 Be3+ 34. Ke2 Nd8 35. Nb5 Nac6 36. Nc7 Kf7 37. Na6 g5 38. h3 h5 39. Nxc5 h4 40. g4 Ke7 41. Nb3 Kd6 42. Nd2 Ne6 43. Bc2 Nf4+ 44. Ke1 Bxd2+ 45. Kxd2 Nxh3 46. Ke2 Nf4+ 47. Kf3 Nd8 48. a4 1/2-1/2

[Event "Porto district-ch U16"]
[Site "Porto"]
[Date "2004.02.22"]
[Round "5"]
[White "Wanderley, Rodrigo"]
[Black "Gomes, Estevao Manuel Da"]
[Result "0-1"]
[WhiteElo "1801"]
[BlackElo "1801"]
[PlyCount "58"]
[EventDate "2004.02.??"]
[EventType "tourn"]
[EventRounds "9"]
[EventCountry "POR"]
[SourceTitle "EXT 2005"]
[Source "ChessBase"]
[SourceDate "2004.11.15"]
[SourceVersion "1"]
[SourceVersionDate "2004.11.15"]
[SourceQuality "1"]

1. d4 Nf6 2. c4 g6 3. Nc3 Bg7 4. e4 d6 5. Nf3 0-0 6. Be2 Nbd7 7. 0-0 e5 8. d5 a5 9. Qc2 Nc5 10. Be3 b6 11. Bxc5 bxc5 12. a3 Bd7 13. Rab1 Nh5 14. b4 axb4 15. axb4 cxb4 16. Rxb4 Nf4 17. Nd2 Bh3 18. gxh3 Qg5+ 19. Bg4 Nxh3+ 20. Kh1 Qxg4 21. f3 Qh4 22. Nb3 f5 23. c5 Ng5 24. Qf2 Qxf2 25. Rxf2 fxe4 26. Nxe4 Rxf3 27. Rxf3 Nxf3 28. cxd6 cxd6 29. Nxd6 Ra2 0-1